000 01622cam a22003494a 4500
001 12402386
005 20040622190605.0
008 010508s2001 nyua b 001 0 eng
010 _a 2001026513
020 _a9788126516407 (cloth : alk. paper)
040 _aDLC
_cDLC
_dDLC
042 _apcc
050 0 0 _aTA347.F5
_bF83 2001
082 0 0 _a620.00151
_221
_bHUE
245 0 4 _aThe finite element method for engineers /
_cKenneth H. Huebner ... [et al.].
250 _a4th ed.
_bIndian ed.
260 _aNew York :
_bJ. Wiley,
_cc2001.
300 _axviii, 720 p. :
_bill. ;
_c25 cm.
500 _a"A Wiley-Interscience publication."
500 _aprinted in India.
500 _aIndian ed.
504 _aIncludes bibliographical references and index.
650 0 _aFinite element method.
_912621
700 1 _aHuebner, Kenneth H.,
_d1942-
_912622
700 1 _aHuebner, Kenneth H.,
_d1942-
_tFinite element method for engineers.
_912623
856 4 2 _3Contributor biographical information
_uhttp://www.loc.gov/catdir/bios/wiley046/2001026513.html
856 4 2 _3Publisher description
_uhttp://www.loc.gov/catdir/description/wiley0310/2001026513.html
856 4 _3Table of Contents
_uhttp://www.loc.gov/catdir/toc/onix05/2001026513.html
942 _2ddc
_cBB
999 _c13666
_d13666